| 000 | 00413 a2200181 4500 | ||
|---|---|---|---|
| 003 | OSt | ||
| 005 | 20180116182832.0 | ||
| 008 | 160427b xxu||||| |||| 00| 0 eng d | ||
| 020 | _a8120312805 | ||
| 040 | _c0 | ||
| 082 | _a658.3 DES 1998 | ||
| 100 | _aGray Dessler | ||
| 245 | _aHuman Resource Managment | ||
| 250 | _a7th | ||
| 260 |
_aNew Delhi _c1998 |
||
| 300 | _a715 | ||
| 942 |
_aNBS _cBK _k658.3 DES _2ddc |
||
| 999 |
_c346901 _d346901 |
||